| 000 | 01055nam a22003137a 4500 | ||
|---|---|---|---|
| 003 | CHAP | ||
| 005 | 20220329135503.0 | ||
| 008 | 971013s1978 r 00010 d | ||
| 010 | _a37392 | ||
| 011 | _a38364 | ||
| 035 | _a42484 | ||
| 040 | _cCHAP | ||
| 082 |
_a637.1 _bM4 |
||
| 100 | 0 | 0 |
_aMeyer, Marco R. _975294 |
| 245 | _aElaboración de leche | ||
| 260 |
_aMéxico, D.F. : _bDirección General de Educación Tecnológica Agropecuaria, _c1978 |
||
| 300 |
_a114 p. _b: ilus |
||
| 490 | _aSerie de manuales para la educación agropecuarios. DGETA/IR/105/202 | ||
| 590 |
_aBATCH-UPD _b10 _c20130110 _lUCH01 _h1111 |
||
| 590 |
_aBATCH-UPD _b10 _c20130410 _lUCH01 _h0702 |
||
| 590 |
_aBATCH-UPD _b10 _c20130914 _lUCH01 _h1716 |
||
| 590 |
_aCONVERSION _b10 _c20130109 _lUCH01 _h1321 |
||
| 650 | 1 | 4 |
_aLeche. _965357 |
| 650 | 1 | 4 |
_aProductos lácteos. _992124 |
| 830 | 0 |
_aSerie de manuales para la educación agropecuarios. DGETA/IR/105/202 _9104761 |
|
| 901 | _aBK | ||
| 942 | _cLIBRO | ||
| 949 |
_a637.1 M4 _bBC _cLIBRO _d33724000678967 _eLIBRO _h58025 _i42484 _si |
||
| 999 |
_c37392 _d37392 |
||